1530 1032 1566 1135 1991 1832 1930 1112 1754 1856 1689 1326 1624 1635 1159 1776 1717 1133 1660 1710 1274 1321 1708 1206 1209 1621 1049 1001 1334 1061 1747 1182 1647 1747 1584 1957 1997 1061 1711 1166 1330 1819 1734 1052 1456 1562 1952 1667 1059 1905 1869 1502 1139 1570 1831 1770 1524 1539 1408 1325 1705 1067 1631 1254 1146 1334 1020 1882 1399 1009 1188 1389 1368 1969 1520 1641 1181 1883 1442 1504 1296 1605 1675 1476 1938 1303 1264 1838 1621 1409 1100 1367 1758 1095 1386 1789 1438 1999 1880 BCNSPRNW ULIB Ver.6.0+V

เปลี่ยนเป็นภาษาไทย

Change to English
 แสดงรายละเอียดบรรณานุกรม
  กลับหน้าหลัก

Brief Record : Get Marc (ISO 2709) : E-mail record : QR code < ปิดหน้าต่าง
LEADER : 00000nam 2200000uu 4500
001    13399112541
003     ULIB
008    110823s2552||||th 000 0 tha d
020    9786169005575
090    นว.^bว617พ 2552
100 0  วินุตตา
245 00 พิรุณลายไฟ/^cวินุตตา
250    พิมพ์ครั้งที่ 1
260    กรุงเทพฯ :^bอินเลิฟ,^c2552
300    255 หน้า
710 1  อินเลิฟ
945    ^p199^l0^i17065
995    กัณชพร
999     ^aใช้งานได้ทุกระบบ
รายการนี้ยังไม่มีแท็ก
คุณยังไม่ได้ล็อกอิน คุณสามารถมีกิจกรรมร่วมกับเว็บไซต์ได้ แต่ต้องล็อกอินก่อน ::
  ล็อกอิน

รายการสื่อสารสนเทศ

ลำดับที่ ประเภท เลขเรียก/บาร์โค้ด สถานที่ สถานะ
1. นวนิยาย
นวนิยาย
นว. ว617พ 2552  
  Barcode: 17065
ห้องสมุดวิทยาเขตสวรรค์ประชารักษ์
►นวนิยาย
บนชั้น
  ขอยืม

รายการใกล้เคียง
    ผู้แต่ง [วินุตตา]

BibComment


ยังไม่เคยถูกคอมเมนท์

คอมเมนท์ทรัพยากรรายการนี้
  คอมเมนท์: พิรุณลายไฟ วินุตตา


 Copyright 2026. Bcnsprnw @Library